Hỏi đáp về những đối tượng vật lý Tập 5 Hỏi đáp về những đối tượng vật lý

Nguyên tử,tính chất của các hạt nhân nguyên tử,đồng vị phóng xạ,tương tác giữa bức xạ và vật chất,phản ứng hạt nhân,

Đã lưu trong:
Sonraí Bibleagrafaíochta
Príomhúdar: Trần Đại Nghiệp
Formáid: Leabhar
Teanga:Vietnamese
Foilsithe: H. Khoa học và kỹ thuật 1978
Ábhair:
Clibeanna: Cuir Clib Leis
Gan Chlibeanna, Bí ar an gcéad duine leis an taifead seo a chlibeáil!
Thư viện lưu trữ: Mạng thư viện Đại học Đà Nẵng
LEADER 01041nam a2200313 4500
001 000013543
003 9885
005 20120316140332.0
008 120316s1978 viesd
041 0 |a vie 
082 |a 539.7  |b TR-N 
100 0 |a Trần Đại Nghiệp 
245 1 0 |a Hỏi đáp về những đối tượng vật lý  |c Trần Đại Nghiệp  |n Tập 5  |p Hỏi đáp về những đối tượng vật lý 
260 |a H.  |b Khoa học và kỹ thuật  |c 1978 
300 |a 215tr.  |c 19 cm 
520 |a Nguyên tử,tính chất của các hạt nhân nguyên tử,đồng vị phóng xạ,tương tác giữa bức xạ và vật chất,phản ứng hạt nhân, 
653 |a hỏi đáp 
653 |a hiện tượng 
653 |a vật lý 
653 |a nguên tử 
910 |a lê thị quỳnh 
OWN |a LSP 
999 |a From the UDN01 
TYP |a Monograph 
TYP |a Printed language 
980 |a Mạng thư viện Đại học Đà Nẵng